Southville International School and Colleges
Your cart is empty.
  • Cart
  • Lists
    Public lists Eva Luna New books Lux_list list_1
    Your lists Log in to create your own lists
  • Log in to your account
  • Your cookies
  • Search history
Southville International School and Colleges
  • Advanced search
  • Recent comments
  • Most popular
  • Libraries

Log in to your account

Log in with GOOGLE


If you do not have an external account, but do have a local account, you can still log in:

  1. Home
  2. MARC view: Somatic experience in psychoanalysis and psychotherapy :
Normal view MARC view ISBD view

Somatic experience in psychoanalysis and psychotherapy : (Record no. 340266)

[ view plain ]
MARC details
000 -LEADER
fixed length control field 00634nam a22001937a 4500
003 - CONTROL NUMBER IDENTIFIER
control field SISC
005 - DATE AND TIME OF LATEST TRANSACTION
control field 20170711151425.0
008 - FIXED-LENGTH DATA ELEMENTS--GENERAL INFORMATION
fixed length control field 170711b xxu||||| |||| 00| 0 eng d
020 ## - INTERNATIONAL STANDARD BOOK NUMBER
International Standard Book Number 9781138826762
050 ## - LIBRARY OF CONGRESS CALL NUMBER
Classification number RC 501.2
Item number .C814 2015
100 ## - MAIN ENTRY--PERSONAL NAME
Personal name Cornell, William F.
245 ## - TITLE STATEMENT
Title Somatic experience in psychoanalysis and psychotherapy :
Remainder of title in the expressive language of the living /
Statement of responsibility, etc William F. Cornell.
260 ## - PUBLICATION, DISTRIBUTION, ETC. (IMPRINT)
Place of publication, distribution, etc East Sussex :
Name of publisher, distributor, etc Routledge,
Date of publication, distribution, etc 2015.
300 ## - PHYSICAL DESCRIPTION
Extent 161 pages ;
Dimensions 23.5 cm.
500 ## - GENERAL NOTE
General note Includes bibliographical references and index.
650 ## - SUBJECT ADDED ENTRY--TOPICAL TERM
Topical term or geographic name as entry element Psychoanalysis.
650 ## - SUBJECT ADDED ENTRY--TOPICAL TERM
Topical term or geographic name as entry element Psychotherapy.
942 ## - ADDED ENTRY ELEMENTS (KOHA)
Source of classification or shelving scheme Library of Congress Classification
Koha item type Books
Holdings
Withdrawn status Lost status Source of classification or shelving scheme Damaged status Home library Current library Shelving location Date acquired Source of acquisition Sub Shelving location Total Checkouts Total Renewals Full call number Barcode Date last seen Date checked out Price effective from Koha item type
    Library of Congress Classification   College Library College Library Graduate Section 07/11/2017 Donation   2 3 RC 501.2 .C814 2015 C20994 12/04/2020 11/24/2020 07/11/2017 Books

Somatic experience in psychoanalysis and psychotherapy :

APA

Cornell W. F., . (2015). Somatic experience in psychoanalysis and psychotherapy. East Sussex: Routledge.

Chicago

Cornell William F, . 2015. Somatic experience in psychoanalysis and psychotherapy. East Sussex: Routledge.

Harvard

Cornell W. F., . (2015). Somatic experience in psychoanalysis and psychotherapy. East Sussex: Routledge.

MLA

Cornell William F, . Somatic experience in psychoanalysis and psychotherapy. East Sussex: Routledge. 2015.

  • Place hold
  • Print
  • Cite
  • Add to your cart (remove)
  • Save record
    BIBTEX Dublin Core MARCXML MARC (non-Unicode/MARC-8) MARC (Unicode/UTF-8) MARC (Unicode/UTF-8, Standard) MODS (XML) RIS
  • More searches
    Search for this title in:
    Other Libraries (WorldCat) Other Databases (Google Scholar) Online Stores (Bookfinder.com) Open Library (openlibrary.org)

Exporting to Dublin Core...

SOUTHVILLE LIBRARY

Southville International School and Colleges Library

1281 Tropical Ave. Cor. Luxembourg St., BF Homes International, Las Pinas City

Tel. No. 8256374 / 252358 Loc. 117/146

Powered by Koha